000 00970nam a2200253Ia 4500
003 OSt
005 20221005105520.0
006 a|||||r|||| 00| 0
007 ta
008 221004b |||||||| |||| 00| 0 hin d
020 _a9788186208618 (hbk)
_c750
024 _a94281
037 _b590, 06/02/2009, Eastern Book Linkers
_cTextual
040 _aCRL
_cCRL
_bhin
041 _2hin
_ahin
082 _aV2y7M97x, 152P9
100 _aचावला, रोमिला, संपा.
245 0 _aसुभाष चन्द्र बोस
_b जीवन और दर्शन
246 _aSubhāṣh chandra bosa: jīvan aur darshana
260 _aनई दिल्ली
_bराज पब्लिकेशन्स भारत
_c2009
300 _a358पृ0
_ccm.
942 _hV2y7M97x, 152P9
_cTEXL
_2cc
999 _c1016061
_d1016061